Этика и психология профессиональной деятельности (Запись № 533680)

Подробности
000 -МАРКЕР
контрольное поле 02147nam0a2200361 4500
001 - ИДЕНТИФИКАТОР ЗАПИСИ
контрольное поле RU\NLR\bibl\399851
005 - ИДЕНТИФИКАТОР ВЕРСИИ
контрольное поле 20250622163610.0
010 ## - МЕЖДУНАРОДНЫЙ СТАНДАРТНЫЙ НОМЕР КНИГИ (ISBN)
Номер (ISBN) 5-8199-00667-7
Тираж 6000
021 ## - НОМЕР ГОСУДАРСТВЕННОЙ РЕГИСТРАЦИИ
Код страны Российская Федерация
Номер 2003-22067
Номер Листа государственной регистраци 1028
035 ## - ДРУГИЕ СИСТЕМНЫЕ НОМЕРА
Идентификатор записи (NLR Aleph) 000394039
100 ## - ДАННЫЕ ОБЩЕЙ ОБРАБОТКИ
Данные общей обработки 20030515d2003 |||y0rusy50 ca
101 0# - ЯЗЫК РЕСУРСА
Язык текста, звукозаписи и т.д. русский
102 ## - СТРАНА ПУБЛИКАЦИИ ИЛИ ПРОИЗВОДСТВА
Страна публикации Российская Федерация
105 ## - ПОЛЕ КОДИРОВАННЫХ ДАННЫХ: ТЕКСТОВЫЕ МАТЕРИАЛЫ, МОНОГРАФИЧЕСКИЕ
Кодированные данные о монографическом текстовом документе y |||||||||
200 1# - ЗАГЛАВИЕ И СВЕДЕНИЯ ОБ ОТВЕТСТВЕННОСТИ
Основное заглавие Этика и психология профессиональной деятельности
Сведения, относящиеся к заглавию Учеб. для студентов образоват. учреждений сред. проф. образования
Первые сведения об ответственности Е.А. Красникова
210 ## - ПУБЛИКАЦИЯ, РАСПРОСТРАНЕНИЕ И ДР.
Место издания, распространения и т.д. М.
Имя издателя, распространителя и т. д. ФОРУМ - ИНФРА-М
Дата издания, распространения и т.д. 2003
215 ## - ФИЗИЧЕСКАЯ ХАРАКТЕРИСТИКА
Специфическое обозначение материала и объем 207 с.
Размеры 22
225 1# - СЕРИЯ
Основное заглавие серии Серия "Профессиональное образование"
320 ## - ПРИМЕЧАНИЯ О НАЛИЧИИ В ДОКУМЕНТЕ БИБЛИОГРАФИИ / УКАЗАТЕЛЯ
Текст примечания Библиогр.: с. 206-207 и в подстроч. прим.
606 0# - НАИМЕНОВАНИЕ ТЕМЫ КАК ПРЕДМЕТ
Наименование темы Юристы
Формальный подзаголовок Руководства, пособия и т.п.
Тематический подзаголовок Профессиональная этика
Системный номер авторитетной/нормативной записи 2001549
Идентификатор авторитетной/нормативной записи RU\NLR\auth\66919812
606 0# - НАИМЕНОВАНИЕ ТЕМЫ КАК ПРЕДМЕТ
Наименование темы Юристы
Формальный подзаголовок Учебные издания для среднего профессионального образования
Тематический подзаголовок Профессиональная этика
Системный номер авторитетной/нормативной записи 2001549
Идентификатор авторитетной/нормативной записи RU\NLR\auth\66919812
606 0# - НАИМЕНОВАНИЕ ТЕМЫ КАК ПРЕДМЕТ
Наименование темы Юристы
Формальный подзаголовок Руководства, пособия и т.п. для средних специальных учебных заведений
Тематический подзаголовок Профессиональная деятельность
-- Психологические исследования
Системный номер авторитетной/нормативной записи 2250942
Идентификатор авторитетной/нормативной записи RU\NLR\auth\661350160
606 0# - НАИМЕНОВАНИЕ ТЕМЫ КАК ПРЕДМЕТ
Наименование темы Юристы
Формальный подзаголовок Учебные издания для среднего профессионального образования
Тематический подзаголовок Профессиональная деятельность
-- Психологические исследования
Системный номер авторитетной/нормативной записи 2250942
Идентификатор авторитетной/нормативной записи RU\NLR\auth\661350160
686 ## - ИНДЕКСЫ ДРУГИХ КЛАССИФИКАЦИЙ
Индекс Х.п.я723
686 ## - ИНДЕКСЫ ДРУГИХ КЛАССИФИКАЦИЙ
Индекс Ю947.29я723
700 #1 - ИМЯ ЛИЦА - ПЕРВИЧНАЯ ОТВЕТСТВЕННОСТЬ
Начальный элемент ввода Красникова
Часть имени, кроме начального элемента ввода Е. А.
Расширение инициалов личного имени Елена Александровна
Код отношения Автор
801 #0 - ИСТОЧНИК ЗАПИСИ
Страна Российская Федерация
Организация NLR
Дата составления 20030515
Правила каталогизации PSBO
801 #1 - ИСТОЧНИК ЗАПИСИ
Страна Российская Федерация
Организация NLR
Дата составления 20030515
830 ## - ОБЩЕЕ ПРИМЕЧАНИЕ, СОСТАВЛЕННОЕ КАТАЛОГИЗАТОРОМ
Текст примечания Авт. по кн
942 ## - ДОПОЛНИТЕЛЬНЫЕ ЭЛЕМЕНТЫ ЗАПИСИ (АБИС)
Тип экземпляра АБИС Книга
980 ## - КОЛЛЕКЦИЯ
Название коллекции Национальная библиография
Экземпляры
Тип экземпляра Дата поступления Источник поступления Библиотека постоянного хранения Библиотека текущего хранения Место хранения Шифр хранения Штрих-код Статус экземпляра
Книга 15.05.2003 Контрольный экземпляр из типографии РНБ (Московский) РНБ (Московский) Русский книжный фонд: издания с 1957 года 2003-5/3396 1-1193575  
Книга 01.07.2003 Обязательный экземпляр РНБ (Московский) РНБ (Московский) Русский книжный фонд: издания с 1957 года 2003-5/3396 508366  
Книга 01.07.2003 Обязательный экземпляр РНБ (Московский) РНБ (Московский) Выбыл из РНБ в другие организации (Обменный фонд)   508367